| 000 | 00957nam a22002897a 4500 | ||
|---|---|---|---|
| 001 | 8047 | ||
| 003 | FISKH | ||
| 005 | 20250819140112.0 | ||
| 008 | 250819b cb ||||| |||| 00| 0 eng d | ||
| 020 | _a9780439598392 | ||
| 040 |
_aFISKH _beng _cFISKH _dFISKH |
||
| 050 | _aPZ7.P6314 D | ||
| 082 | _a813.54 | ||
| 100 |
_aPilkey, Dav _d(1966-) |
||
| 245 |
_aDog breath : _bThe horrible trouble with Hally Tosis / _cDav Pilkey |
||
| 250 | _aThis edition first published in 2004 | ||
| 260 |
_aNew York : _bScholastic, _c1994 |
||
| 300 |
_a29 unnumbered pages : _bcolor illustrations ; _c26 cm |
||
| 505 | _aR | ||
| 520 | _aHally, the Tosis family dog, has such bad breath that Mr. and Mrs. Tosis plan to give her away, until she proves to be an invaluable watchdog. | ||
| 521 | 8 |
_a770
_bLexile |
|
| 521 | 8 |
_aR
_bRaz-Plus |
|
| 650 |
_2Problem solving _aPets |
||
| 650 |
_2Bad breath _aMaking connections |
||
| 942 |
_2ddc _cBK _n0 |
||
| 999 |
_c8047 _d8047 |
||